000 01127cam a2200337 i 4500
001 768714001
003 CO-MdBIC
005 20231108153639.0
007 ta
008 231108t1996 sp d|||| |||| 00| 0 spa d
020 _a84-8164-130-8
040 _bspa.
_aCO-MdFUSB
_cCO-MdFUSB
_dCO-MdFUSBC
_erda
041 _aspa
082 0 4 _aG 230.082 S382p
100 1 _aScussler, Elisabeth
245 1 0 _aPero ella dijo / Elisabeth Scussler
_c/
264 1 _aMadrid, España
_bTrotta,
_c[1996]
264 4 _c©1996
300 _a283 p.
_c;
336 _atexto
_btxt
_2rdacontent
337 _2rdamedia
_asin mediación
_bn
338 _2rdacarrier
_avolumen
_bnc
500 _aTítulo orginal en Inglés: But she Said
501 _arústico
505 0 0 _aPrólogo -- Estrategias de Interpretación Bíblica feminista -- El espacio hermenéutico de una rétorica feminista de la liberación -- Prácticas de interpretación Bíblica
650 7 _aTeología feminista
_9681
650 7 _aMujeres en la Biblia
_9327
650 0 _aHermeneútica
_91682
_xAspectos religiosos
_xCristianismo.
942 _cBK
945 _aJohan1477
999 _c44674
_d44674